Localizing apps: a practical guide for translators and translation students
Guardat en:
| Autor principal: | |
|---|---|
| Format: | Llibre |
| Idioma: | anglès |
| Publicat: |
Nueva York
Routledge
2015
|
| Edició: | 1a. ed |
| Col·lecció: | Translation Practices Explained
|
| Matèries: | |
| Etiquetes: |
Afegir etiqueta
Sense etiquetes, Sigues el primer a etiquetar aquest registre!
|
MARC
| LEADER | 00000cam a2200000 a 4500 | ||
|---|---|---|---|
| 001 | UCC7349 | ||
| 003 | CL-VaPUC | ||
| 008 | 190322e20150000us |||||||||||||||||eng|d | ||
| 020 | |a 9781138803596 | ||
| 082 | 0 | 4 | |a 418.02 |b ROT |2 21 |
| 100 | 0 | |a Roturier, Johann |e author |9 601924 | |
| 245 | 1 | 0 | |a Localizing apps: a practical guide for translators and translation students |
| 250 | |a 1a. ed | ||
| 300 | |a 207 p | ||
| 942 | |c BK | ||
| 945 | |d 20190322 14:57:00 |a dcastane | ||
| 260 | |a Nueva York |b Routledge |c 2015 | ||
| 650 | 0 | |a Traducción e interpretación |9 315998 | |
| 650 | 7 | |a INTERFAZ |2 CL-VaPUC |9 432372 | |
| 650 | 0 | |a Usabilidad |9 575508 | |
| 650 | 7 | |a LENGUAJES Y LENGUAS |2 CL-VaPUC |9 524446 | |
| 650 | 0 | |a Aplicaciones de computadores |9 260401 | |
| 583 | |a last modification |c 20190322 14:57:00 |k Rodrigo Vera | ||
| 490 | 0 | |a Translation Practices Explained | |
| 999 | |c 374019 |d 374017 | ||
| 952 | |0 0 |1 0 |3 erb |4 0 |6 418_020000000000000_ROT_2015 |7 0 |8 A |9 492368 |a BIBEDU |b BIBEDU |i 5537525 |o 418.02 ROT 2015 |p 5537525 |r 2019-11-24 |w 2019-11-24 |y BK |z Catalogado en:20190322 |k CIT | ||